02341cam a22004694i 4500003000900000005001700009008004100026020001500067020001800082035002000100040003300120049000900153082001900162100003600181245010800217264004700325300003900372336002100411337002500432338002300457490006900480505078700549526001001336526001001346526001001356526001001366526000801376526000801384526000801392526000801400526000801408526000801416526000801424650005301432650001401485942001401499994001401513596000601527999013701533980005501670952014601725PE-LiUPU20250731172901.0150706s r 000 0 d a0310518164 a9780310518167 a(Sirsi) a165914 aPE-LiUPUbspacPE-LiUPUerda aPRUA04a253.5bL212211 aLambert, Heath,d1979-,eautor.14aA theology of biblical counseling :bthe doctrinal foundations of counseling ministry /cHeath Lambert. 1aGrand Rapids, Michigan :bZondervan,c2016. a344 páginas ;c24 centímetros. atext2rdacontent aunmediated2rdamedia avolume2rdacarrier0 aInterdisciplinary studies in ancient culture and religion ;v12.0 aCounseling and theology: a crucial introduction -- Biblical counseling and a theology of scripture -- Biblical counseling and a theology of common grace -- Biblical counseling and a theology of God -- Biblical counseling and a theology of Christ -- Biblical counseling and a theology of the Holy Spirit -- Biblical counseling and a theology of humanity -- Biblical counseling and a theology of sin -- Biblical counseling and a theology of suffering -- Biblical counseling and a theology of salvation -- Biblical counseling and a theology for the church -- Biblical counseling and the goal of theology -- Statement from the Association Of Certified Biblical Counselors regarding mental disorders, medicine, and counseling -- Biblical counseling, general revelation, and common grace. aSEG42 aSEG41 aSEG40 aSEG39 aP94 aP87 aP86 aP85 aP77 aP76 aP3504aAsesoramientoxAspectos religiososxCristianismo04aTeologia. 2ddccBOOK aC0bPEPRU a1 a253.5 L21wLCc14650i75208f2021-11-10g5lCCODEBUL1mBULr0sYtBOOKu2017-1-9xTEOLOGIAPP85o.STAFF. Colección TEOLOGIAd14650 81gALBERTO SANCHEZ Responsable de Automatización r2025-12-03 00:00:00i6l0o253.5 L21p75208te1w2017-01-09xPGyBKzinventario-2023-12-13102ddc50708GENfP85aBULbBULcGENd2017-01-09